=LDR 00000nam 2200000 4500 =001 NUTBA000000000003234 =005 20140811085157.0 =006 =007 =008 =020 ##$$a 978-979-1232-92-0 =035 ##$$a 0010-081400000000078 =040 ##$$a NBPDMAT =082 ##$$a 372.3 =090 ##$$a 372.3 $b Yon a =100 ##$$a Yoni Y =245 ##$$a Aku pintar mengukur volume / $c Yoni Y =260 ##$$a Jakarta : $b Inter Plus, $c 2008 =300 ##$$a iv, 32 hlm. : $b ilus. ; $c 25 cm. =650 ##$$a Pendidikan dasar =990 ##$$a 21404292